Star Wars Characters - Statistics

General Stats
  • This quiz has been taken 71 times
  • The average score is 11 of 12
Answer Stats
Picture Answer % Correct
Darth Vader
100%
Princess Leia
100%
R2-D2
100%
Chewbacca
98%
Obi-Wan Kenobi
98%
C-3PO
97%
Han Solo
97%
Yoda
97%
Jar Jar Binks
94%
Luke Skywalker
91%
Greedo
80%
Biggs Darklighter
28%
No matching quizzes found
Score Distribution
Percent of People with Each Score
Percentile by Number Answered
Your Score History
You have not taken this quiz